Novel spacing design for Hevea (Record no. 64113)

MARC details
000 -LEADER
fixed length control field 00495nam a2200181Ia 4500
100 ## - MAIN ENTRY--AUTHOR NAME
Personal name Iyer G C
245 #0 - TITLE STATEMENT
Title Novel spacing design for Hevea
260 ## - PUBLICATION, DISTRIBUTION, ETC. (IMPRINT)
Name of publisher Proceedings of the International Rubber Conference, Kuala Lumpur, Malaysia, V.3. 1985; p657-669
650 ## - SUBJECT ADDED ENTRY--TOPICAL TERM
Topical Term Girth
650 ## - SUBJECT ADDED ENTRY--TOPICAL TERM
Topical Term Spacing design
650 ## - SUBJECT ADDED ENTRY--TOPICAL TERM
Topical Term Yield
700 ## - ADDED ENTRY--PERSONAL NAME
Personal name Ismail T
700 ## - ADDED ENTRY--PERSONAL NAME
Personal name Pushparajah E
700 ## - ADDED ENTRY--PERSONAL NAME
Personal name Simon D
700 ## - ADDED ENTRY--PERSONAL NAME
Personal name Subramaniam T
942 ## - ADDED ENTRY ELEMENTS (KOHA)
Koha item type Journals
Holdings
Withdrawn status Lost status Damaged status Not for loan Home library Current library Shelving location Date acquired Koha item type
      Journals RRII Library RRII Library Rubber general 17/12/2021 Journals